000 01844cam a22004454i 4500
003 PE-LiUPU
005 20250731165429.0
008 160215s1997 pe grm 000 0 spa d
035 _a(Sirsi) a156140
040 _aPE-LiUPU
_bspa
_cPE-LiUPU
_erda
099 _aTE 2
_bG91 1997
100 1 _aGuivin Mori, Teresa de Jesús
_eautor
245 1 _aDiagnóstico situacional de la Comunidad de Calano (Cañete, Lima) /
_cTeresa de Jesús Guivin Mori.
264 0 _c1997.
300 _a113 hojas
_c30 cm
336 _atext
_2rdacontent
337 _aunmediated
_2rdamedia
338 _avolume
_2rdacarrier
502 _aTesis
_b(Lic.) --
_cUniversidad Peruana Unión,
_d1997.
504 _aIncluye referencias
520 3 _aEl Perú es un mosaico formado por diversas nacionalidades, cada una con su propia historia, cultura, idiosincrasia, necesidades, intereses, aspiraciones y costumbres. Esta diversidad pluricultural hace que cada comunidad sea irrepetible, y que la diferencie de los demás pueblos. Es así que el presente estudio de diagnostico situacional del caserío de Calango, nos conduce a conocer su realidad integral, como una aproximación a la verdad y como parte de la formación del docente en su relación con su patria, asumiendo una actitud de aceptación.
526 _aSEG44
526 _aSEG26
526 _aP151
526 _aP150
526 _aP149
526 _aP146
526 _aP145
526 _aP126
526 _aP125
526 _aP92
526 _aP75
526 _aP74
526 _aP27
526 _aP15
650 0 4 _aCalano, Comunidad de [Cañete (Perú : Provincia)]
596 _a1
942 _2ddc
_cTESIS
999 _aTE 2 G91 1997
_wALPHANUM
_c8823
_iT00149
_lCCODEBUL3
_mBUL
_r1
_sY
_tTESIS
_u2016-2-15
_xEDUCACION
_PP14
_o.STAFF. Teis
_d8823
980 _81
_gALBERTO SANCHEZ Responsable de Automatización